Catálogo

Vista normal Vista MARC

Entrada Personal Name

Número de registros utilizados en: 1

001 - CONTROL NUMBER

  • control field: 17319

003 - CONTROL NUMBER IDENTIFIER

  • control field: DLC

005 - DATE AND TIME OF LATEST TRANSACTION

  • control field: 20250714102146.0

008 - FIXED-LENGTH DATA ELEMENTS

  • fixed length control field: 110107n| azannaabn |a aaa c

010 ## - LIBRARY OF CONGRESS CONTROL NUMBER

  • LC control number: no2011003164

035 ## - SYSTEM CONTROL NUMBER

  • System control number: (OCoLC)oca08732738

040 ## - CATALOGING SOURCE

  • Original cataloging agency: ICU
  • Language of cataloging: spa
  • Description conventions: rda
  • Transcribing agency: Mx-PuUPA
  • Modifying agency: NcD
  • Modifying agency: WU
  • Modifying agency: Mx-PuUPA

100 1# - HEADING--PERSONAL NAME

  • Personal name: Caicedo Riascos, Maritza,

374 ## - OCCUPATION

  • Occupation: Autora

375 ## - GENDER

  • Gender: mujer
  • Source of term: lcdgt

377 ## - ASSOCIATED LANGUAGE

  • Language code: spa

400 1# - SEE FROM TRACING--PERSONAL NAME

  • Personal name: Riascos, Maritza Caicedo

400 1# - SEE FROM TRACING--PERSONAL NAME

  • Personal name: Caicedo, Maritza

670 ## - SOURCE DATA FOUND

  • Source citation: Migración, trabajo y desigualdad, 2010:
  • Information found: t.p. (Maritza Caicedo Riascos) p. 4 of cover (sociologist and demographer)

670 ## - SOURCE DATA FOUND

  • Source citation: Imaginarios de la migración internacional en México, 2015:
  • Information found: t.p. (Maritza Caicedo)